| 000 | 00339pab a2200133 454500 | ||
|---|---|---|---|
| 008 | 180718b1983 xxu||||| |||| 00| 0 eng d | ||
| 245 |
_aSpecial issue _bQualitative approach to organisations |
||
| 260 | _c1983 | ||
| 300 | _a295-406 | ||
| 362 | _aJuly | ||
| 650 | _aOrganisation | ||
| 773 | _aJournal of Management Studies | ||
| 909 | _a14577 | ||
| 999 |
_c14577 _d14577 |
||